000 01302cam a2200397 4500
999 _c23234
_d23234
001 vtls011866596
005 20220428102849.0
008 210624s2019 xo gr 010 f slo
020 _a9788055166438
_q(viazané)
035 _a6A372F45-DA2C-4DA4-B984-5C391A3CB8A4
035 _aurn:nbn:sk:snk-am3iddl
035 _aurn:nbn:sk:snk-am00e4a9
040 _aPOKPOH
_bslo
_cPOKPOH
_dSNK
_erda
041 1 _aslo
_heng
044 _axo
_cSK
072 7 _a821.111(73)-3
_xAmerická próza
_2konspekt
080 _a821.111(73)-31
_22011
080 _a(0:82-312.4)
_22011
100 1 _aHill, Edwin
_4aut
_93053
240 1 0 _aLittle comfort
_lSlovensky
245 1 0 _aZátišie
_cEdwin Hill ; preložil Róbert Hrebíček
264 1 _aBratislava
_bIkar
_c2019
300 _a327 strán
_c21 cm
336 _atext
_btxt
_2rdacontent
337 _abez média
_bn
_2rdamedia
338 _azväzok
_bnc
_2rdacarrier
500 _aPreložené z angličtiny
500 _aObsahuje biografické údaje o autorovi na záložke prebalu knihy
655 7 _aamerické romány
_2SNKPH
_92
655 7 _aAmerican novels
_2SNKPHeng
_91670
655 7 _atrilery (romány)
_2SNKPH
_92135
655 7 _aThrillers (novels)
_2SNKPHeng
_91722
700 1 _aHrebíček, Róbert
_4trl
_91780
958 _aLX
958 _aUP